<?xml version="1.0" encoding="UTF-8"?>
<collection xmlns="http://www.loc.gov/MARC21/slim">
    <record>
        <controlfield tag="001">95693</controlfield>
        <controlfield tag="005">20201013095125.0</controlfield>
        <datafield tag="020" ind1=" " ind2=" ">
            <subfield code="a">978-84-18321-01-6</subfield>
        </datafield>
        <datafield tag="024" ind1="7" ind2=" ">
            <subfield code="2">doi</subfield>
            <subfield code="a">10.26754/uz.978-84-18321-01-6</subfield>
        </datafield>
        <datafield tag="037" ind1=" " ind2=" ">
            <subfield code="a">BOOK-2020-133</subfield>
        </datafield>
        <datafield tag="041" ind1=" " ind2=" ">
            <subfield code="a">spa</subfield>
        </datafield>
        <datafield tag="100" ind1=" " ind2=" ">
            <subfield code="a">Alejandre Marco, José Luis </subfield>
            <subfield code="b"></subfield>
        </datafield>
        <datafield tag="245" ind1=" " ind2=" ">
            <subfield code="a">Actas del Congreso Internacional Virtual USATIC 2020, Ubicuo y Social: Aprendizaje con TIC</subfield>
        </datafield>
        <datafield tag="260" ind1=" " ind2=" ">
            <subfield code="a">Zaragoza</subfield>
            <subfield code="b">Servicio de Publicaciones Universidad de Zaragoza</subfield>
            <subfield code="c">2020</subfield>
        </datafield>
        <datafield tag="300" ind1=" " ind2=" ">
            <subfield code="a">178</subfield>
        </datafield>
        <datafield tag="520" ind1=" " ind2=" ">
            <subfield code="a">Congreso ONLINE del 8 al 10 de julio dirigido a profesionales de la educación de habla hispana implicados e interesados en la innovación docente y los procesos de aprendizaje apoyados en TIC La Red EuLES de UNIZAR organiza este Congreso Virtual con el objetivo de proporcionar un entorno de trabajo para compartir información, ideas, conocimiento, resultados de investigación y experiencias docentes en España y América, implicando a toda la comunidad de habla hispana interesada en la innovación docente y los procesos de aprendizaje apoyados en tecnologías, estrechando vínculos dentro de esta comunidad. La séptima edición de este Congreso en el año 2019 acogió a más de 420 autores de 15 países distintos.</subfield>
        </datafield>
        <datafield tag="653" ind1="1" ind2=" ">
            <subfield code="a">congresos y asambleas</subfield>
        </datafield>
        <datafield tag="653" ind1="1" ind2=" ">
            <subfield code="a">innovaciones educativas </subfield>
        </datafield>
        <datafield tag="653" ind1="1" ind2=" ">
            <subfield code="a">tecnología educativa </subfield>
        </datafield>
        <datafield tag="653" ind1="1" ind2=" ">
            <subfield code="a">enseñanza superior- enseñanza asistida por ordenador </subfield>
        </datafield>
        <datafield tag="653" ind1="1" ind2=" ">
            <subfield code="a">internet en la enseñanza</subfield>
        </datafield>
        <datafield tag="700" ind1=" " ind2=" ">
            <subfield code="a">Allueva Pinilla, Ana Isabel  (coords.)</subfield>
            <subfield code="b"></subfield>
        </datafield>
        <datafield tag="856" ind1="0" ind2=" ">
            <subfield code="f">zaguan@unizar.es</subfield>
        </datafield>
        <datafield tag="856" ind1="4" ind2=" ">
            <subfield code="s">2604575</subfield>
            <subfield code="u">http://zaguan.unizar.es/record/95693/files/BOOK-2020-133.pdf</subfield>
            <subfield code="z">Texto completo</subfield>
        </datafield>
        <datafield tag="909" ind1="C" ind2="O">
            <subfield code="o">oai:zaguan.unizar.es:95693</subfield>
            <subfield code="p">books</subfield>
        </datafield>
        <datafield tag="980" ind1=" " ind2=" ">
            <subfield code="a">BOOK</subfield>
            <subfield code="b">CONYJOR</subfield>
            <subfield code="b"></subfield>
        </datafield>
    </record>

    
</collection>